000 01156cam a2200289 a 4500
999 _c934
_d934
001 .b30551201
003 OCoLC
005 20191227100010.0
008 930601r19941953nyuab j 000 1 eng
010 _a93014299
020 _a9780060234959
040 _aDLC
_cDLC
_dEOW
_dLEO
_dYBM
_dBAKER
_dNPL
_dBTCTA
_dCKK
_dYDXCP
_dJBO
042 _alcac
082 _aFIC LEW
100 1 _aLewis, C. S.
_q(Clive Staples),
_d1898-1963.
_eauthor
245 1 4 _aThe silver chair /
_cC.S. Lewis ; illustrated by Pauline Baynes.
250 _a1st HarperCollins ed.
260 _aNew York :
_bHarperCollins,
_c1994.
300 _a257 p. :
_bill. map ;
_c24 cm.
440 _aThe Chronicles of Narnia ;
_nbk. 6.
520 _aTwo English children undergo hair-raising adventures as they go on a search and rescue mission for the missing Prince Rilian, who is held captive in the underground kingdom of the Emerald Witch.
650 0 _aFantasy
_vJuvenile fiction.
650 0 _aNarnia (Imaginary place)
_vJuvenile fiction.
700 1 _aBaynes, Pauline.
_eill.
856 4 2 _zPublisher description
_uhttp://www.loc.gov/catdir/description/hc041/93014299.html
942 _2ddc
_cFIC